[Event "Heusenstamm Sparkassen op-B 6th"]
[Site "Heusenstamm"]
[Date "2019.11.23"]
[Round "4"]
[White "Haftmann, Rainer"]
[Black "Behr, Julian"]
[Result "0-1"]
[WhiteElo "1712"]
[BlackElo "1562"]
[PlyCount "76"]
[EventDate "2019.11.21"]
[EventType "swiss"]
[EventRounds "7"]
[EventCountry "GER"]
[SourceTitle "CBM 194 Extra"]
[Source "ChessBase"]
[SourceDate "2020.03.31"]
[SourceVersion "1"]
[SourceVersionDate "2020.03.31"]
[SourceQuality "1"]

1. e4 e5 2. Nf3 Nc6 3. Bb5 Bc5 4. 0-0 d6 5. d4 exd4 6. Nxd4 Bd7 7. Nxc6 Bxc6 8. Bxc6+ bxc6 9. c3 Ne7 10. b3 0-0 11. c4 Ng6 12. Bb2 Re8 13. Qg4 f6 14. Nd2 Re7 15. Kh1 Qf8 16. h4 Rae8 17. h5 Ne5 18. Qh3 Nf7 19. f4 Bb4 20. Bc3 Bxc3 21. Qxc3 Nh6 22. Qh3 g6 23. g4 Nf7 24. g5 fxg5 25. fxg5 Qg7 26. hxg6 Qxg6 27. Qh4 Re5 28. Rf6 Qg7 29. Rf5 Nxg5 30. Rg1 Rxf5 31. exf5 h6 32. Nf3 Kf7 33. Nxg5+ hxg5 34. Qh5+ Kf8 35. Qf3 c5 36. f6 Qh7+ 37. Kg2 Qc2+ 38. Qf2 Re2 0-1

[Event "Hessen-chB"]
[Site "Frankfurt"]
[Date "2019.06.02"]
[Round "7"]
[White "Haftmann, Rainer"]
[Black "Ullmann, Ralf"]
[Result "1/2-1/2"]
[WhiteElo "1727"]
[BlackElo "1856"]
[PlyCount "40"]
[EventDate "2019.05.30"]
[EventType "swiss"]
[EventRounds "7"]
[EventCountry "GER"]
[SourceTitle "EXT 2020"]
[Source "ChessBase"]
[SourceDate "2019.10.17"]
[SourceVersion "1"]
[SourceVersionDate "2019.10.17"]
[SourceQuality "1"]

1. e4 c5 2. Nf3 e6 3. d4 cxd4 4. Nxd4 Nc6 5. Nc3 a6 6. a3 Qc7 7. Be3 Nf6 8. Be2 Be7 9. 0-0 d6 10. Qd2 Nxd4 11. Bxd4 Bd7 12. f4 Bc6 13. Bf3 0-0 14. Rad1 e5 15. fxe5 dxe5 16. Be3 Rac8 17. Qf2 b5 18. Rd2 Qb7 19. Qg3 Bxe4 20. Qxe5 Bxf3 1/2-1/2

[Event "Hessen-chB"]
[Site "Frankfurt"]
[Date "2019.05.30"]
[Round "1"]
[White "Haftmann, Rainer"]
[Black "Azizov, Fariz"]
[Result "1-0"]
[WhiteElo "1727"]
[BlackElo "1416"]
[PlyCount "93"]
[EventDate "2019.05.30"]
[EventType "swiss"]
[EventRounds "7"]
[EventCountry "GER"]
[SourceTitle "EXT 2020"]
[Source "ChessBase"]
[SourceDate "2019.10.17"]
[SourceVersion "1"]
[SourceVersionDate "2019.10.17"]
[SourceQuality "1"]

1. e4 e5 2. Nf3 Nc6 3. Bb5 Nf6 4. 0-0 d6 5. d4 exd4 6. Nxd4 Bd7 7. Nc3 Be7 8. Bg5 0-0 9. Nxc6 bxc6 10. Bd3 Rb8 11. b3 Re8 12. f4 h6 13. Bxf6 Bxf6 14. Qd2 c5 15. Rae1 Bxc3 16. Qxc3 Bc6 17. e5 Qd7 18. Re3 dxe5 19. fxe5 Qd4 20. Bc4 Bd5 21. Bxd5 Qxd5 22. Qd3 Qc6 23. Qc4 Re6 24. c3 Rbe8 25. Rfe1 Kh8 26. Qf4 f6 27. exf6 Rxe3 28. fxg7+ Kxg7 29. Rxe3 Rxe3 30. Qxe3 Qd7 31. Qe5+ Kg8 32. h3 Qd1+ 33. Kh2 Qd6 34. Qxd6 cxd6 35. Kg3 Kf7 36. Kf4 Ke6 37. c4 d5 38. cxd5+ Kxd5 39. Ke3 c4 40. b4 a6 41. a4 c3 42. Kd3 c2 43. Kxc2 Kc4 44. b5 axb5 45. a5 Kc5 46. Kb3 b4 47. g4 1-0

[Event "Hofheim Spring op-B 7th"]
[Site "Hofheim"]
[Date "2019.04.27"]
[Round "9"]
[White "Sondermann, Jonathan"]
[Black "Haftmann, Rainer"]
[Result "1-0"]
[WhiteElo "1806"]
[BlackElo "1718"]
[PlyCount "91"]
[EventDate "2019.04.23"]
[EventType "swiss"]
[EventRounds "9"]
[EventCountry "GER"]
[SourceTitle "CBM 190 Extra"]
[Source "ChessBase"]
[SourceDate "2019.07.15"]
[SourceVersion "1"]
[SourceVersionDate "2019.07.15"]
[SourceQuality "1"]

1. e4 e5 2. Nf3 Nc6 3. d4 exd4 4. Bc4 Be7 5. 0-0 d6 6. Nxd4 Nxd4 7. Qxd4 Nf6 8. Nc3 0-0 9. Bd2 c6 10. Rae1 b5 11. Bd3 Qb6 12. Qe3 Qxe3 13. Bxe3 Ng4 14. Bd2 Ne5 15. f4 Nxd3 16. cxd3 Bd8 17. e5 Bb6+ 18. Be3 dxe5 19. fxe5 Be6 20. a3 Rad8 21. Bxb6 axb6 22. Rd1 Rd4 23. Kf2 f6 24. exf6 Rxf6+ 25. Ke3 Rxf1 26. Rxf1 Rg4 27. g3 b4 28. Ne4 bxa3 29. bxa3 Bd5 30. a4 Bxe4 31. dxe4 Rg6 32. Kd4 Rf6 33. Rb1 c5+ 34. Kd5 Kf7 35. e5 Rf2 36. Rxb6 Rxh2 37. a5 Rg2 38. Rb7+ Kg6 39. a6 Rxg3 40. a7 Ra3 41. e6 h5 42. e7 Kf7 43. Kd6 g5 44. Kd7 Rd3+ 45. Kc8 Ra3 46. Kd8 1-0

[Event "Hofheim Spring op-B 7th"]
[Site "Hofheim"]
[Date "2019.04.25"]
[Round "4"]
[White "Haftmann, Rainer"]
[Black "Emig, Nils"]
[Result "1-0"]
[WhiteElo "1718"]
[BlackElo "1812"]
[PlyCount "87"]
[EventDate "2019.04.23"]
[EventType "swiss"]
[EventRounds "9"]
[EventCountry "GER"]
[SourceTitle "CBM 190 Extra"]
[Source "ChessBase"]
[SourceDate "2019.07.15"]
[SourceVersion "1"]
[SourceVersionDate "2019.07.15"]
[SourceQuality "1"]

1. e4 c5 2. Nf3 e6 3. Nc3 Nc6 4. d4 cxd4 5. Nxd4 Qc7 6. a3 a6 7. Be3 Nf6 8. Be2 Be7 9. 0-0 0-0 10. Kh1 b5 11. f4 d5 12. e5 Nd7 13. Bd3 Nc5 14. Rf3 Nxd3 15. Qxd3 f6 16. Rh3 g6 17. Nxc6 Qxc6 18. Bd4 Rf7 19. Qe3 Bd7 20. Rg1 Raf8 21. g4 fxe5 22. fxe5 Rf4 23. Qd3 Be8 24. Ne2 R4f7 25. c3 a5 26. Rhg3 b4 27. axb4 axb4 28. g5 bxc3 29. bxc3 Qb7 30. Re1 Qa8 31. h4 Qa2 32. Reg1 Qa5 33. Qc2 Bc5 34. h5 Rf5 35. R3g2 Rf3 36. Rg3 R3f5 37. h6 Bxd4 38. Nxd4 Rxe5 39. Rf3 Rxf3 40. Nxf3 Re3 41. Nd4 e5 42. Ne6 Qa7 43. Ra1 Qd7 44. Ra8 1-0

[Event "Wiesbaden op 30th"]
[Site "Wiesbaden"]
[Date "2018.08.25"]
[Round "4"]
[White "Seidel, Martin"]
[Black "Haftmann, Rainer"]
[Result "0-1"]
[WhiteElo "1860"]
[BlackElo "1686"]
[PlyCount "78"]
[EventDate "2018.08.23"]
[EventType "swiss"]
[EventRounds "7"]
[EventCountry "GER"]
[SourceTitle "CBM 186 Extra"]
[Source "ChessBase"]
[SourceDate "2018.08.24"]
[SourceVersion "1"]
[SourceVersionDate "2018.08.24"]
[SourceQuality "1"]

1. f4 d5 2. b3 Nf6 3. Bb2 c5 4. e3 Nc6 5. Nf3 Bg4 6. Be2 e6 7. d3 Be7 8. Nbd2 Qc7 9. 0-0 0-0 10. Ne5 Bxe2 11. Qxe2 Rad8 12. Ndf3 Nd7 13. Nxc6 Qxc6 14. c4 Bf6 15. Bxf6 Nxf6 16. Ne5 Qc7 17. g4 Nd7 18. Nf3 f6 19. g5 dxc4 20. dxc4 e5 21. fxe5 Nxe5 22. Nxe5 Qxe5 23. gxf6 Rxf6 24. Rxf6 Qxf6 25. Rf1 Qg5+ 26. Kh1 Rd6 27. Qf3 Rf6 28. Qxf6 gxf6 29. Rg1 Kf7 30. Rxg5 fxg5 31. Kg2 Kf6 32. Kf3 h5 33. Ke4 Ke6 34. a3 b6 35. h3 a6 36. Kf3 Ke5 37. Kg3 Ke4 38. Kf2 a5 39. a4 g4 0-1

[Event "Rhein Main op-B 21st"]
[Site "Bad Homburg"]
[Date "2018.06.01"]
[Round "4"]
[White "Bajorski, Leszek"]
[Black "Haftmann, Rainer"]
[Result "1-0"]
[WhiteElo "1970"]
[BlackElo "1721"]
[PlyCount "111"]
[EventDate "2018.05.30"]
[EventType "swiss"]
[EventRounds "7"]
[EventCountry "GER"]
[SourceTitle "EXT 2019"]
[Source "ChessBase"]
[SourceDate "2018.10.10"]
[SourceVersion "1"]
[SourceVersionDate "2018.10.10"]
[SourceQuality "1"]

1. e4 e5 2. Nf3 Nc6 3. Bc4 Be7 4. 0-0 Nf6 5. d3 0-0 6. Re1 d6 7. a4 h6 8. h3 a6 9. a5 Be6 10. Nc3 Bxc4 11. dxc4 Nh7 12. Nd5 Bf6 13. Ra3 Nd4 14. Nxf6+ Qxf6 15. Nxd4 exd4 16. Rf3 Qe6 17. Qxd4 f5 18. Bd2 c5 19. Qd3 fxe4 20. Rxe4 Rxf3 21. Rxe6 Rxd3 22. cxd3 Rd8 23. Bf4 d5 24. Rd6 Rf8 25. g3 dxc4 26. dxc4 Rf7 27. Rd8+ Rf8 28. Rd7 Rf7 29. Rxf7 Kxf7 30. Be3 h5 31. Kg2 Nf6 32. Bxc5 Ne4 33. Be3 g6 34. Kf3 Nd6 35. b3 Kf6 36. Bb6 Kf5 37. g4+ hxg4+ 38. hxg4+ Kf6 39. Bd8+ Ke6 40. Kf4 Nf7 41. Bc7 Kd7 42. Bb6 Ke6 43. Be3 Ne5 44. f3 Nc6 45. Bb6 Ne5 46. Ke4 Nc6 47. f4 Kd6 48. f5 gxf5+ 49. Kxf5 Ke7 50. Bc5+ Kf7 51. b4 Nb8 52. Bd4 Nc6 53. Bc3 Ne7+ 54. Ke5 Nc8 55. Bd4 Ne7 56. Kd6 1-0

[Event "Hessen-chB"]
[Site "Frankfurt"]
[Date "2018.05.11"]
[Round "4"]
[White "Haftmann, Rainer"]
[Black "Schneider, Lutz Peter"]
[Result "1-0"]
[WhiteElo "1766"]
[BlackElo "1722"]
[PlyCount "51"]
[EventDate "2018.05.10"]
[EventType "swiss"]
[EventRounds "7"]
[EventCountry "GER"]
[SourceTitle "EXT 2019"]
[Source "ChessBase"]
[SourceDate "2018.10.10"]
[SourceVersion "1"]
[SourceVersionDate "2018.10.10"]
[SourceQuality "1"]

1. e4 Nf6 2. Nc3 d6 3. Nf3 g6 4. d4 Bg7 5. h3 Nbd7 6. Bc4 0-0 7. 0-0 c6 8. a4 e5 9. dxe5 Nxe5 10. Nxe5 dxe5 11. Be3 Qc7 12. Qe2 b6 13. Rad1 Bb7 14. f4 exf4 15. Bxf4 Qe7 16. Bd6 Qe8 17. Bxf8 Kxf8 18. e5 Nd5 19. Nxd5 cxd5 20. e6 f5 21. Bxd5 Bxd5 22. Rxd5 Bxb2 23. Rd7 Kg8 24. Rfd1 Bf6 25. e7 Kg7 26. Qe6 1-0

[Event "Hessen-chB"]
[Site "Frankfurt"]
[Date "2018.05.10"]
[Round "2"]
[White "Haftmann, Rainer"]
[Black "Gruber, Reiner"]
[Result "1/2-1/2"]
[WhiteElo "1766"]
[BlackElo "1644"]
[PlyCount "151"]
[EventDate "2018.05.10"]
[EventType "swiss"]
[EventRounds "7"]
[EventCountry "GER"]
[SourceTitle "EXT 2019"]
[Source "ChessBase"]
[SourceDate "2018.10.10"]
[SourceVersion "1"]
[SourceVersionDate "2018.10.10"]
[SourceQuality "1"]

1. e4 e5 2. Nf3 Nf6 3. Nc3 Nc6 4. Bb5 d6 5. h3 Bd7 6. 0-0 Be7 7. d3 0-0 8. Bg5 a6 9. Ba4 b5 10. Bb3 Na5 11. Bxf6 Bxf6 12. Nd5 Nxb3 13. axb3 Be6 14. Nxf6+ Qxf6 15. Nh2 Qg5 16. Qc1 Qg6 17. Qe3 f5 18. exf5 Rxf5 19. f4 Bd5 20. g4 Rxf4 21. Rxf4 exf4 22. Qxf4 Rf8 23. Qd4 Qe6 24. Rf1 Re8 25. c4 Bc6 26. Qf4 Qe3+ 27. Qf2 h6 28. d4 bxc4 29. bxc4 Qd3 30. d5 Ba4 31. Qf7+ Kh8 32. Qf4 Qc2 33. Rf2 Qd3 34. Kg2 Qe4+ 35. Kg3 Bb3 36. h4 Bxc4 37. Qxe4 Rxe4 38. Rf7 Bxd5 39. Rxc7 Bc4 40. g5 hxg5 41. hxg5 Kh7 42. Rc6 d5 43. g6+ Kh6 44. Ng4+ Kg5 45. Nf2 Re3+ 46. Kg2 Rb3 47. Nd1 Rd3 48. Nf2 Rd2 49. b3 Bb5 50. Rd6 d4 51. Kg3 Rb2 52. Nh3+ Kf5 53. Rxd4 Rxb3+ 54. Kh4 Kxg6 55. Rg4+ Kh6 56. Nf4 Bf1 57. Rg5 Kh7 58. Kg4 Rb4 59. Rg6 Be2+ 60. Kg3 a5 61. Re6 Bc4 62. Rc6 Bf1 63. Rc5 a4 64. Rh5+ Kg8 65. Ra5 Rb3+ 66. Kg4 a3 67. Ra8+ Kh7 68. Ra7 Re3 69. Nh5 Be2+ 70. Kf4 Rf3+ 71. Ke5 Kh6 72. Nxg7 Kg5 73. Ne6+ Kg4 74. Rg7+ Kh4 75. Nd4 Rf1 76. Ra7 1/2-1/2

[Event "Hofheim Spring op-B 6th"]
[Site "Hofheim"]
[Date "2018.04.05"]
[Round "4"]
[White "Varsha, Ramesh"]
[Black "Haftmann, Rainer"]
[Result "1-0"]
[WhiteElo "1334"]
[BlackElo "1766"]
[PlyCount "99"]
[EventDate "2018.04.03"]
[EventType "swiss"]
[EventRounds "9"]
[EventCountry "GER"]
[SourceTitle "EXT 2020"]
[Source "ChessBase"]
[SourceDate "2019.10.17"]
[SourceVersion "1"]
[SourceVersionDate "2019.10.17"]
[SourceQuality "1"]

1. e4 e5 2. Nf3 Nc6 3. Bc4 Be7 4. c3 d6 5. d3 Nf6 6. Bb3 0-0 7. 0-0 h6 8. Nbd2 Na5 9. Bc2 c5 10. Re1 Nc6 11. Nf1 Qc7 12. Ne3 Bd7 13. Nd2 b5 14. Ndf1 a5 15. Ng3 g6 16. Nd5 Qd8 17. Bxh6 Re8 18. Qf3 Ng4 19. Bd2 Kg7 20. h3 Nf6 21. Nxe7 Qxe7 22. Bg5 Rh8 23. Nf1 Nd8 24. Ne3 Ne6 25. Bxf6+ Qxf6 26. Qxf6+ Kxf6 27. Nd5+ Kg7 28. a4 b4 29. Nb6 Rad8 30. Nc4 Nf4 31. f3 Bxh3 32. g3 Nh5 33. Kf2 Be6 34. Nxa5 Nxg3 35. Kxg3 Rh3+ 36. Kg2 Rh5 37. Rh1 Rg5+ 38. Kf2 Ra8 39. Nc4 d5 40. exd5 Bxd5 41. Nb6 Rd8 42. Nxd5 Rxd5 43. a5 c4 44. cxb4 cxd3 45. Bb3 Rd7 46. a6 e4 47. a7 e3+ 48. Kxe3 f6 49. a8Q Re5+ 50. Kf2 1-0

[Event "Hofheim Spring op-B 6th"]
[Site "Hofheim"]
[Date "2018.04.04"]
[Round "3"]
[White "Haftmann, Rainer"]
[Black "Rades, Andreas"]
[Result "1-0"]
[WhiteElo "1766"]
[BlackElo "1496"]
[PlyCount "119"]
[EventDate "2018.04.03"]
[EventType "swiss"]
[EventRounds "9"]
[EventCountry "GER"]
[SourceTitle "EXT 2020"]
[Source "ChessBase"]
[SourceDate "2019.10.17"]
[SourceVersion "1"]
[SourceVersionDate "2019.10.17"]
[SourceQuality "1"]

1. e4 c6 2. d4 d5 3. exd5 cxd5 4. c4 Nf6 5. Nc3 Nc6 6. Nf3 Bf5 7. cxd5 Nxd5 8. a3 Qa5 9. Bd2 Nxc3 10. Bxc3 Qd5 11. Be2 Be4 12. 0-0 g5 13. Ne1 0-0-0 14. Bf3 Nxd4 15. Bxd4 Qxd4 16. Rc1+ Bc6 17. Qxd4 Rxd4 18. Bxc6 bxc6 19. Rxc6+ Kb7 20. Rc3 Bg7 21. Rb3+ Ka8 22. Nf3 Rd5 23. h3 Rhd8 24. Re1 Bf6 25. Re2 h6 26. Rc2 Rb8 27. Rxb8+ Kxb8 28. a4 Rd1+ 29. Kh2 Rb1 30. g4 Rxb2 31. Rxb2+ Bxb2 32. h4 Bc1 33. Kg2 f6 34. h5 Kb7 35. Nd4 Kb6 36. Nf5 e6 37. Nxh6 Bb2 38. Nf7 Kc7 39. h6 Kd7 40. h7 f5 41. gxf5 exf5 42. Nxg5 Ke7 43. f4 Bf6 44. Kf3 Bd4 45. Ke2 Bf6 46. Kd3 Bb2 47. Kc4 Bf6 48. Kd5 Bb2 49. Nf3 Bf6 50. Nd4 Bh8 51. Nc6+ Kf7 52. Nxa7 Kg6 53. Nc6 Kxh7 54. Ne5 Kg8 55. Ke6 Bg7 56. Kxf5 Bf8 57. a5 Bc5 58. a6 Bf2 59. Nc6 Kf7 60. a7 1-0

[Event "Heusenstamm Sparkassen op-B 4th"]
[Site "Heusenstamm"]
[Date "2017.11.24"]
[Round "2"]
[White "Werner, Tom"]
[Black "Haftmann, Rainer"]
[Result "1/2-1/2"]
[WhiteElo "1627"]
[BlackElo "1768"]
[PlyCount "81"]
[EventDate "2017.11.23"]
[EventType "swiss"]
[EventRounds "7"]
[EventCountry "GER"]
[SourceTitle "EXT 2019"]
[Source "ChessBase"]
[SourceDate "2018.10.10"]
[SourceVersion "1"]
[SourceVersionDate "2018.10.10"]
[SourceQuality "1"]

1. c4 Nf6 2. g3 e6 3. Bg2 d5 4. cxd5 exd5 5. d4 c6 6. Nc3 Bf5 7. e3 Nbd7 8. Nge2 Bd6 9. 0-0 0-0 10. b3 Re8 11. Bd2 Ne4 12. Nxe4 Bxe4 13. Bxe4 Rxe4 14. Nc3 Re6 15. Qc2 Nf6 16. Rae1 Ne4 17. Nxe4 Rxe4 18. f3 Re6 19. e4 dxe4 20. fxe4 Bc7 21. Bc3 Bb6 22. Qd2 Qd7 23. Rf3 Rae8 24. Rfe3 Rd8 25. Rd1 f5 26. exf5 Rxe3 27. Qxe3 Qxf5 28. Re1 Qd7 29. Kg2 Qd5+ 30. Qe4 Qxe4+ 31. Rxe4 Rd7 32. Kf3 Kf7 33. g4 g6 34. h3 Re7 35. Rxe7+ Kxe7 36. Kf4 h6 37. Bb4+ Ke6 38. Ke4 Bc7 39. Bd2 h5 40. gxh5 gxh5 41. Bg5 1/2-1/2

[Event "Rhein Main op-B 20th"]
[Site "Bad Homburg"]
[Date "2017.06.18"]
[Round "7"]
[White "Haftmann, Rainer"]
[Black "Werner, Tom"]
[Result "1-0"]
[WhiteElo "1810"]
[BlackElo "1593"]
[PlyCount "49"]
[EventDate "2017.06.14"]
[EventType "swiss"]
[EventRounds "7"]
[EventCountry "GER"]
[SourceTitle "EXT 2018"]
[Source "ChessBase"]
[SourceDate "2017.10.13"]
[SourceVersion "1"]
[SourceVersionDate "2017.10.13"]
[SourceQuality "1"]

1. e4 e6 2. d4 d5 3. Nd2 Nf6 4. e5 Nfd7 5. Bd3 c5 6. c3 Nc6 7. Ne2 b6 8. 0-0 Be7 9. f4 f5 10. Nf3 h6 11. Qe1 g5 12. fxg5 hxg5 13. g4 Nf8 14. Qg3 f4 15. Qg2 Bb7 16. h4 gxh4 17. Qh3 Qc7 18. Bxf4 0-0-0 19. Bg5 Bxg5 20. Nxg5 Rg8 21. Nf7 Rd7 22. Nd6+ Kb8 23. Rf4 Ne7 24. Rf6 Rh8 25. Raf1 1-0

[Event "Rhein Main op-B 20th"]
[Site "Bad Homburg"]
[Date "2017.06.15"]
[Round "3"]
[White "Rieger, Mario"]
[Black "Haftmann, Rainer"]
[Result "1/2-1/2"]
[WhiteElo "1904"]
[BlackElo "1810"]
[PlyCount "88"]
[EventDate "2017.06.14"]
[EventType "swiss"]
[EventRounds "7"]
[EventCountry "GER"]
[SourceTitle "EXT 2018"]
[Source "ChessBase"]
[SourceDate "2017.10.13"]
[SourceVersion "1"]
[SourceVersionDate "2017.10.13"]
[SourceQuality "1"]

1. d4 Nf6 2. Nf3 e6 3. c4 d5 4. Nc3 c6 5. Bg5 Be7 6. e3 Nbd7 7. Rc1 0-0 8. Bd3 Re8 9. 0-0 dxc4 10. Bxc4 Nd5 11. Bxe7 Qxe7 12. Re1 Nxc3 13. Rxc3 e5 14. dxe5 Nxe5 15. Nxe5 Qxe5 16. Qb3 Qe7 17. Rd1 b5 18. Be2 Be6 19. Qc2 Bd5 20. Bxb5 Bxg2 21. Bxc6 Bxc6 22. Rxc6 Qg5+ 23. Kh1 Qg4 24. Rd4 Qf3+ 25. Kg1 Rad8 26. Rcc4 g6 27. Qd2 Rb8 28. b3 Rb5 29. Rd8 Rg5+ 30. Kf1 Qg2+ 31. Ke2 Rxd8 32. Qxd8+ Kg7 33. Qd4+ Kh6 34. Qf4 Kg7 35. b4 Rf5 36. Qg3 Qd5 37. Qg4 Rf6 38. Qe4 Qh5+ 39. Qg4 Qe5 40. Qd4 Qxh2 41. e4 Qf4 42. Rc6 Qf3+ 43. Ke1 Qh1+ 44. Ke2 Qf3+ 1/2-1/2

[Event "Hofheim Spring op-B 5th"]
[Site "Hofheim"]
[Date "2017.04.09"]
[Round "4"]
[White "Haftmann, Rainer"]
[Black "Modric, Vladimir"]
[Result "0-1"]
[WhiteElo "1811"]
[BlackElo "1901"]
[PlyCount "104"]
[EventDate "2017.04.07"]
[EventType "swiss"]
[EventRounds "9"]
[EventCountry "GER"]
[SourceTitle "CBM 178 Extra"]
[Source "ChessBase"]
[SourceDate "2017.06.22"]
[SourceVersion "1"]
[SourceVersionDate "2017.06.22"]
[SourceQuality "1"]

1. e4 e6 2. d4 d5 3. Nd2 dxe4 4. Nxe4 Bd7 5. Nf3 Bc6 6. Bd3 Nd7 7. 0-0 Ngf6 8. Re1 Bxe4 9. Bxe4 Nxe4 10. Rxe4 Nf6 11. Bg5 h6 12. Bxf6 Qxf6 13. c3 Bd6 14. Qa4+ Kf8 15. Ne5 Bxe5 16. Rxe5 Kg8 17. Qb5 b6 18. Qc6 Qd8 19. d5 Qd6 20. Qxa8+ Kh7 21. Qc6 Qxe5 22. dxe6 fxe6 23. Qc4 Rd8 24. Rf1 Rd2 25. b4 Qe2 26. Qxe2 Rxe2 27. Rc1 Rxa2 28. g3 Kg6 29. Kg2 Kf5 30. Kf3 Ke5 31. Ke3 a5 32. f4+ Kf5 33. h3 a4 34. Rd1 Rc2 35. g4+ Kf6 36. Kd3 Rh2 37. Ke4 Rxh3 38. b5 a3 39. Ra1 Rf3 40. g5+ hxg5 41. fxg5+ Kxg5 42. Rxa3 Rf7 43. Kd4 Kf4 44. Ra1 Rd7+ 45. Kc4 g5 46. Rf1+ Ke4 47. Re1+ Kf5 48. Rf1+ Kg6 49. Kb4 g4 50. c4 Kg5 51. c5 Rd4+ 52. Kc3 bxc5 0-1

[Event "Hofheim Spring op-B 5th"]
[Site "Hofheim"]
[Date "2017.04.08"]
[Round "3"]
[White "Henkel, Volker"]
[Black "Haftmann, Rainer"]
[Result "1-0"]
[WhiteElo "1884"]
[BlackElo "1811"]
[PlyCount "99"]
[EventDate "2017.04.07"]
[EventType "swiss"]
[EventRounds "9"]
[EventCountry "GER"]
[SourceTitle "CBM 178 Extra"]
[Source "ChessBase"]
[SourceDate "2017.06.22"]
[SourceVersion "1"]
[SourceVersionDate "2017.06.22"]
[SourceQuality "1"]

1. d4 Nf6 2. c4 e6 3. Nc3 d5 4. cxd5 exd5 5. Bg5 Be7 6. Qc2 c6 7. e3 0-0 8. Bd3 Nbd7 9. Nge2 Re8 10. 0-0 Nf8 11. Rad1 Ne4 12. Bxe7 Qxe7 13. Bxe4 dxe4 14. d5 cxd5 15. Nxd5 Qg5 16. Qc7 Bg4 17. Qg3 Ne6 18. Ndc3 Bxe2 19. Qxg5 Nxg5 20. Nxe2 Rac8 21. Nc3 a6 22. h4 Ne6 23. Nxe4 Rc2 24. Rd2 Rxd2 25. Nxd2 Rd8 26. Nb3 b6 27. Rc1 a5 28. Kf1 Kf8 29. Ke2 a4 30. Nd2 Rd5 31. Ne4 f5 32. Ng5 Nxg5 33. hxg5 Rb5 34. Rc2 Rb4 35. f4 Ke8 36. Kd3 Kd7 37. Kc3 Re4 38. Rd2+ Kc7 39. Rd3 b5 40. a3 Rc4+ 41. Kd2 b4 42. Rd4 Rxd4+ 43. exd4 bxa3 44. bxa3 Kd6 45. Kc3 Kd5 46. Kd3 h6 47. g6 h5 48. g3 Kd6 49. Kc4 Kc6 50. d5+ 1-0

[Event "Wiesbaden op 28th"]
[Site "Wiesbaden"]
[Date "2016.08.28"]
[Round "6"]
[White "Haftmann, Rainer"]
[Black "Fernandez Garcia, Alfonso Javier"]
[Result "0-1"]
[WhiteElo "1839"]
[BlackElo "1535"]
[PlyCount "104"]
[EventDate "2016.08.25"]
[EventType "swiss"]
[EventRounds "7"]
[EventCountry "GER"]
[SourceTitle "CBM 174 Extra"]
[Source "ChessBase"]
[SourceDate "2016.10.10"]
[SourceVersion "1"]
[SourceVersionDate "2016.10.10"]
[SourceQuality "1"]

1. e4 e6 2. d4 d5 3. Nd2 dxe4 4. Nxe4 Nd7 5. Nf3 Ngf6 6. Nxf6+ Nxf6 7. Bd3 Be7 8. 0-0 0-0 9. Bg5 h6 10. Bh4 Bd7 11. Qe2 Nd5 12. Bxe7 Qxe7 13. Qe4 f5 14. Qe5 Qd6 15. c3 Rae8 16. Rfe1 Bc6 17. Nd2 b5 18. Nb3 Nf4 19. Bf1 Rf6 20. g3 Ng6 21. Qxd6 cxd6 22. f4 h5 23. Kf2 h4 24. Re3 hxg3+ 25. hxg3 Ne7 26. c4 bxc4 27. Bxc4 Nd5 28. Bxd5 Bxd5 29. Nd2 Rh6 30. Nf3 Kf7 31. Rc1 Re7 32. b3 Rh8 33. Rec3 Kf6 34. Rc7 Rhe8 35. Ke3 Rxc7 36. Rxc7 Re7 37. Rxe7 Kxe7 38. Nd2 Kd7 39. Nb1 Be4 40. Nc3 Bc6 41. b4 Kc7 42. a4 Bd7 43. d5 e5 44. a5 a6 45. Kd3 Kd8 46. fxe5 dxe5 47. b5 axb5 48. a6 Kc7 49. d6+ Kb6 50. Nd5+ Kxa6 51. Kc3 Kb7 52. Kb4 Kc6 0-1

[Event "Wiesbaden op 28th"]
[Site "Wiesbaden"]
[Date "2016.08.28"]
[Round "7"]
[White "Haftmann, Rainer"]
[Black "Kirchner, Markus"]
[Result "1-0"]
[WhiteElo "1839"]
[BlackElo "1711"]
[PlyCount "59"]
[EventDate "2016.08.25"]
[EventType "swiss"]
[EventRounds "7"]
[EventCountry "GER"]
[SourceTitle "CBM 174 Extra"]
[Source "ChessBase"]
[SourceDate "2016.10.10"]
[SourceVersion "1"]
[SourceVersionDate "2016.10.10"]
[SourceQuality "1"]

1. e4 e6 2. d4 d5 3. Nd2 Nf6 4. e5 Nfd7 5. Bd3 c5 6. c3 Nc6 7. Ne2 Qb6 8. Nf3 cxd4 9. cxd4 Be7 10. 0-0 0-0 11. b3 f6 12. exf6 Nxf6 13. Bg5 Bd7 14. Ne5 Qc7 15. Rc1 Bd6 16. f4 Be8 17. Kh1 Qb6 18. Bb1 Bxe5 19. fxe5 Nd7 20. Rxf8+ Nxf8 21. Rc3 Bg6 22. Bxg6 Nxg6 23. h4 Rf8 24. h5 Nh8 25. h6 g6 26. Bf6 Nf7 27. Qd2 Re8 28. Rg3 Qb4 29. Qd3 Qe1+ 30. Kh2 1-0

[Event "Wiesbaden op 28th"]
[Site "Wiesbaden"]
[Date "2016.08.26"]
[Round "3"]
[White "Wachsmann, Elmar"]
[Black "Haftmann, Rainer"]
[Result "1-0"]
[WhiteElo "1549"]
[BlackElo "1839"]
[PlyCount "129"]
[EventDate "2016.08.25"]
[EventType "swiss"]
[EventRounds "7"]
[EventCountry "GER"]
[SourceTitle "CBM 174 Extra"]
[Source "ChessBase"]
[SourceDate "2016.10.10"]
[SourceVersion "1"]
[SourceVersionDate "2016.10.10"]
[SourceQuality "1"]

1. d4 Nf6 2. Nf3 d5 3. c4 e6 4. Bf4 c6 5. Nc3 Nbd7 6. e3 Qa5 7. Be2 Ne4 8. Qb3 Bb4 9. Rc1 Bxc3+ 10. bxc3 0-0 11. 0-0 dxc4 12. Bxc4 Nb6 13. Bd3 Nf6 14. c4 Nbd7 15. c5 Re8 16. h3 Nf8 17. Ne5 Ng6 18. Nc4 Qd8 19. Bh2 Nd7 20. Nd6 Re7 21. Nxb7 Bxb7 22. Qxb7 Nxc5 23. Qb1 Rb7 24. Qc2 Nxd3 25. Qxd3 Qd7 26. Rb1 Rb6 27. Rb3 Rd8 28. Qc3 Rxb3 29. axb3 Qb7 30. Rc1 Rc8 31. b4 Ne7 32. Bd6 Nd5 33. Qa3 a6 34. Ra1 Ra8 35. Kf1 Qb5+ 36. Ke1 Nb6 37. Qc3 Qd5 38. Bc5 Nd7 39. Kf1 e5 40. Qd3 exd4 41. Rxa6 Re8 42. Qxd4 Nxc5 43. Qxd5 cxd5 44. bxc5 Rd8 45. Ke2 Kf8 46. Kd3 Rb8 47. c6 Ke7 48. c7 Rc8 49. Ra7 Kd6 50. Kd4 Kc6 51. Ra5 Kb6 52. Rc5 Rxc7 53. Rxc7 Kxc7 54. Kxd5 Kd7 55. Ke5 Ke7 56. h4 f6+ 57. Kd5 g6 58. g4 h6 59. f4 Kd7 60. e4 Ke7 61. e5 fxe5 62. fxe5 Kd7 63. e6+ Ke7 64. Ke5 g5 65. h5 1-0